Top 50 Baby Boy Names Beginning with S - Statistics

General Stats
  • This quiz has been taken 846 times
  • The average score is 17 of 50
Answer Stats
Hint Answer % Correct
35 Sam
95%
10 Sean
94%
18 Shawn
94%
2 Samuel
92%
9 Stephen
88%
6 Steven
88%
7 Simon
68%
39 Stefan
65%
1 Sebastian
60%
20 Shane
59%
37 Stanley
56%
24 Scott
53%
14 Solomon
51%
4 Silas
48%
30 Sylas
48%
15 Seth
47%
5 Sawyer
45%
29 Saul
42%
26 Samson
41%
22 Sonny
39%
25 Skyler
35%
8 Spencer
33%
3 Santiago
29%
12 Sullivan
27%
16 Sage
26%
50 Simeon
24%
11 Sergio
22%
36 Salvador
21%
43 Salvatore
18%
41 Seven
16%
33 Shiloh
16%
19 Stetson
15%
13 Sterling
14%
27 Sutton
13%
48 Stone
12%
28 Saint
9%
47 Slade
9%
38 Salem
8%
34 Samir
8%
40 Santos
8%
17 Santino
7%
42 Shepard
7%
32 Shepherd
7%
23 Santana
6%
49 Shimon
2%
46 Shmuel
2%
31 Sincere
2%
45 Syncere
2%
21 Spren
1%
44 Sekani
0%
No matching quizzes found
Score Distribution
Percent of People with Each Score
Percentile by Number Answered
Your Score History
You have not taken this quiz